<?xml version="1.0" encoding="UTF-8"?>
<collection xmlns="http://www.loc.gov/MARC21/slim">
  <record>
    <leader>00000nam  2200000   4500</leader>
    <controlfield tag="001">INLIS000000000020592</controlfield>
    <controlfield tag="005">20250723023411</controlfield>
    <datafield tag="035" ind1="#" ind2="#">
      <subfield code="a">0010-0725000122</subfield>
    </datafield>
    <controlfield tag="007">ta</controlfield>
    <controlfield tag="008">250723################|##########|#|##</controlfield>
    <datafield tag="084" ind1="#" ind2="#">
      <subfield code="a">R 0004 PKA 2024</subfield>
    </datafield>
    <datafield tag="100" ind1=" " ind2="#">
      <subfield code="a">Eldi Bisma Putra Mahendra Bintang</subfield>
    </datafield>
    <datafield tag="245" ind1="1" ind2="#">
      <subfield code="a">Pengembangan (APIK) Apsifor Instrumen Kebangsaan BNPT Kepada Pegawai Dengan Tugas Risiko Tinggi /</subfield>
      <subfield code="c">Eldi Bisma Putra Mahendra Bintang</subfield>
    </datafield>
    <datafield tag="260" ind1="#" ind2="#">
      <subfield code="a">Jakarta :</subfield>
      <subfield code="b">Pusbangkom Pimnas dan Manajerial ASN,</subfield>
      <subfield code="c">2024</subfield>
    </datafield>
    <datafield tag="300" ind1="#" ind2="#">
      <subfield code="a">32 hlm. ;</subfield>
      <subfield code="c">30 cm</subfield>
    </datafield>
    <datafield tag="650" ind1="#" ind2="4">
      <subfield code="a">Apsifor Instrumen</subfield>
    </datafield>
    <datafield tag="520" ind1="#" ind2="#">
      <subfield code="a">Peningkatan proses radikalisasi yang sistematis, masif, dan terencana pada pegawai yang memiliki akses ke barang-barang berbahaya, fasilitas umum, maupun obyek vital nasional yang jika akses tersebut disalahgunakan dapat mempermudah aksi teror. Kelompok-kelompok tersebut rentan menjadi sasaran kelompok radikal-teroris karena mereka dianggap lebih beneficial jika dijadikan bagian dari kelompok teror. Kelompok-kelompok tersebut tidak jarang diperalat untuk memperkuat narasi ideologis yang bertentangan dengan nilai-nilai kemanusiaan dan perdamaian.</subfield>
    </datafield>
    <datafield tag="990" ind1="#" ind2="#">
      <subfield code="a">2024/1.2.3/A/0004</subfield>
    </datafield>
  </record>
</collection>
